000 00258pab a2200109 454500
008 180718b xxu||||| |||| 00| 0 eng d
100 _aDas, P.M.
245 _aHumanising the police
650 _aPolice - India
773 _aIndian Police Journal
909 _a23850
999 _c23850
_d23850